Diccionario comercial (Registro nro. 13256)

Detalles MARC
000 -Cabecera
Campo de control de longitud fija 00547nam a22002297a 4500
005 - Fecha y hora de la última transacción
Campo de control 20250207154835.0
008 - Elementos de longitud fija--Información general
Campo de control de longitud fija 220316b1940 xxu||||| |||| 00| 0 spa d
020 ## - International Standard Book Number
Número Internacional Estándar del Libro (ISBN) 8426112234
041 ## - Idioma
Código de idioma Español
-- Inglés
082 ## - Clasificación Decimal Dewey
Número de clasificación R 380.103 F897d5
100 ## - Entrada principal--Autor personal
Nombre personal Frías-Sucre Giraud, Alejandro
245 ## - Título propiamente dicho
Título Diccionario comercial
250 ## - Edición
Mención de edición 5 Edición
260 ## - Pie de imprenta
Lugar de publicación, distribución, etc. España
260 ## - Pie de imprenta
Nombre del editor, distribuidor, etc. Editorial Juventud
260 ## - Pie de imprenta
Fecha de publicación, distribución, etc. 1985
300 ## - Descripción física
Extensión 140 páginas
650 ## - Materia general
Temática (materia general) DICCIONARIOS
650 ## - Materia general
Temática (materia general) COMERCIO
650 ## - Materia general
Temática (materia general) INGLÉS
942 ## - Punto de acceso adicional KOHA
Tipo de ítem KOHA Referencia
Fuente del sistema de clasificación o colocación Dewey Decimal Classification
Existencias
Signatura completa Código de barras Tipo de ítem
R 380.103 F897d5 5465 Referencia